|
|
|
|
| LEADER |
03141nam a22003853i 4500 |
| 001 |
EBC6695266 |
| 003 |
MiAaPQ |
| 005 |
20231204023218.0 |
| 006 |
m o d | |
| 007 |
cr cnu|||||||| |
| 008 |
231204s2015 xx o ||||0 ger d |
| 020 |
|
|
|a 9783839432334
|q (electronic bk.)
|
| 020 |
|
|
|z 9783837632330
|
| 035 |
|
|
|a (MiAaPQ)EBC6695266
|
| 035 |
|
|
|a (Au-PeEL)EBL6695266
|
| 035 |
|
|
|a (OCoLC)1030819686
|
| 040 |
|
|
|a MiAaPQ
|b eng
|e rda
|e pn
|c MiAaPQ
|d MiAaPQ
|
| 100 |
1 |
|
|a Krüger, Timmo.
|
| 245 |
1 |
4 |
|a Das Hegemonieprojekt der ökologischen Modernisierung :
|b Die Konflikte um Carbon Capture and Storage (CCS) in der internationalen Klimapolitik.
|
| 250 |
|
|
|a 1st ed.
|
| 264 |
|
1 |
|a Bielefeld :
|b transcript,
|c 2015.
|
| 264 |
|
4 |
|c {copy}2015.
|
| 300 |
|
|
|a 1 online resource (429 pages)
|
| 336 |
|
|
|a text
|b txt
|2 rdacontent
|
| 337 |
|
|
|a computer
|b c
|2 rdamedia
|
| 338 |
|
|
|a online resource
|b cr
|2 rdacarrier
|
| 490 |
1 |
|
|a Edition Politik ;
|v v.28
|
| 505 |
0 |
|
|a Cover -- Inhalt -- Tabellenverzeichnis -- Vorwort -- 1. Einleitung -- 1.1 Erkenntnisinteresse und Forschungsfragen -- 1.2 Forschungsstand und Forschungslücke -- 2. Theorie und Operationalisierung -- 2.1 Diskurstheoretische Hegemonieanalyse -- 2.2 Gesellschaftliche Naturverhältnisse -- 2.3 Forschungsdesign, Aufbau und methodisches Vorgehen -- 3. Das Projekt der ökologischen Modernisierung -- 3.1 Die Ökologische Krisendiagnose -- 3.2 Die Formierung des ökomodernen Diskurses -- 3.3 Die Grundannahmen des ökomodernen Projekts -- 3.4 Die Hegemoniestrategien des ökomodernen Projekts -- 3.5 Das ökomoderne Hegemonieversprechen -- 3.6 Die Hegemonialisierung des ökomodernen Projekts -- 3.7 Die reflexive Reproduktion von Hegemonie -- 4. Das ökomoderne Projekt und CCS -- 5. CCS in der internationalen Klimapolitik -- 5.1 Einführung in die internationale Klimapolitik -- 5.2 Einführung in CCS-Technologien -- 5.3 Die Politikberatung des IPCC zu CCS-Technologien -- 5.4 Die CCS-CDM-Kontroverse in den Klimaverhandlungen -- 5.5 Synthese: CCS-Konflikte in der Klimapolitik -- 6. CCS und das ökomoderne Hegemonieprojekt -- 6.1 Die Bedeutung des Scheiterns von CCS-Projekten -- 6.2 Die Bedeutung des Erfolgs der CCS-Community -- 6.3 Die (ent-)politisierenden Effekte der CCS-Konflikte -- 7. Resümee und Ausblick -- 7.1 Zusammenfassung der Ergebnisse -- 7.2 Ausblick -- Abkürzungs- und Begriffsverzeichnis -- Literatur -- Anhang -- A.1 Verzeichnis der analysierten Stellungnahmen -- A.2 Liste der identifizierten Enthymeme.
|
| 588 |
|
|
|a Description based on publisher supplied metadata and other sources.
|
| 590 |
|
|
|a Electronic reproduction. Ann Arbor, Michigan : ProQuest Ebook Central, 2023. Available via World Wide Web. Access may be limited to ProQuest Ebook Central affiliated libraries.
|
| 655 |
|
4 |
|a Electronic books.
|
| 776 |
0 |
8 |
|i Print version:
|a Krüger, Timmo
|t Das Hegemonieprojekt der ökologischen Modernisierung
|d Bielefeld : transcript,c2015
|z 9783837632330
|
| 797 |
2 |
|
|a ProQuest (Firm)
|
| 830 |
|
0 |
|a Edition Politik
|
| 856 |
4 |
0 |
|u https://ebookcentral.proquest.com/lib/matrademy/detail.action?docID=6695266
|z Click to View
|